Služby v modernej ekonomike

Gespeichert in:
Bibliographische Detailangaben
1. Verfasser: Michalová, Valéria
Körperschaft: Ekonomická univerzita v Bratislave. Obchodná fakulta
Weitere Verfasser: Benešová, Dana, 1958-, Šťastná, Jana, Remišová, Anna, Kubičková, Viera, 1970-
Format: Buch
Sprache:Slowakisch
Veröffentlicht: Bratislava Vydavateľstvo EKONÓM 2013
Ausgabe:2. dopl. vyd.
Schlagworte:
Tags: Tag hinzufügen
Keine Tags, Fügen Sie das erste Tag hinzu!

MARC

LEADER 00000nam a2200000 4500
001 0181750
005 20240502073122.4
020 |a 978-80-225-3767-4 
041 0 |a slo 
044 |a SK 
245 1 0 |a Služby v modernej ekonomike  |c Valéria Michalová, Dana Benešová, Jana Šťastná ; recenzenti Anna Remišová, Viera Kubičková 
250 |a 2. dopl. vyd. 
264 1 |a Bratislava  |b Vydavateľstvo EKONÓM  |c 2013 
300 |a 291 s. [17,93 AH] 
610 2 0 |a služby 
610 2 0 |a spotrebitelia 
610 2 0 |a dopyt 
610 2 0 |a zdroje ľudské 
610 2 0 |a technológie nové 
610 2 0 |a globalizácia 
610 2 0 |a produkcia 
610 2 0 |a trh medzinárodný 
610 2 0 |a Slovensko 
100 1 |a Michalová, Valéria 
700 1 |a Benešová, Dana, 1958- 
700 1 |a Šťastná, Jana 
700 1 |a Remišová, Anna 
700 1 |a Kubičková, Viera, 1970- 
710 2 |a Ekonomická univerzita v Bratislave. Obchodná fakulta